<?xml version="1.0" encoding="UTF-8"?>
<collection xmlns="http://www.loc.gov/MARC21/slim">
 <record>
  <leader>00727cam a2200205 7i4500</leader>
  <controlfield tag="001">0000054192</controlfield>
  <controlfield tag="005">20220127090000.0</controlfield>
  <controlfield tag="008">170302s2016           eng                     </controlfield>
  <datafield tag="040" ind1=" " ind2=" ">
   <subfield code="a">TSAM</subfield>
  </datafield>
  <datafield tag="090" ind1="0" ind2="0">
   <subfield code="a">PE3502.M3 </subfield>
   <subfield code="b">JAN 2016</subfield>
  </datafield>
  <datafield tag="100" ind1="1" ind2=" ">
   <subfield code="a">Janemary Thirusanku </subfield>
   <subfield code="e">author </subfield>
  </datafield>
  <datafield tag="245" ind1="1" ind2="4">
   <subfield code="a">The many faces of Malaysian English  </subfield>
   <subfield code="c">Janemary Thirunsanku and Melor Md Yunus.</subfield>
  </datafield>
  <datafield tag="264" ind1=" " ind2="1">
   <subfield code="a">Bangi, Selangor: </subfield>
   <subfield code="b">Penerbit Universiti Kebangsaan Malaysia, </subfield>
   <subfield code="c">2016.</subfield>
  </datafield>
  <datafield tag="300" ind1=" " ind2=" ">
   <subfield code="a">130 pages; </subfield>
   <subfield code="c">23 cm.</subfield>
  </datafield>
  <datafield tag="336" ind1=" " ind2=" ">
   <subfield code="a">text</subfield>
   <subfield code="2">rdacontent</subfield>
  </datafield>
  <datafield tag="337" ind1=" " ind2=" ">
   <subfield code="a">unmediated</subfield>
   <subfield code="2">rdamedia</subfield>
  </datafield>
  <datafield tag="500" ind1=" " ind2=" ">
   <subfield code="a">Gift from Universiti Kebangsaan Malaysia</subfield>
  </datafield>
  <datafield tag="504" ind1="0" ind2="0">
   <subfield code="a">Includes bibliographical references and index</subfield>
  </datafield>
  <datafield tag="650" ind1="1" ind2="0">
   <subfield code="a">English Language -- </subfield>
   <subfield code="z">Malaysia </subfield>
  </datafield>
  <datafield tag="700" ind1="1" ind2=" ">
   <subfield code="a">Melor Md. Yunus </subfield>
  </datafield>
 </record>
</collection>
